000 02489nam0a2200433 4500
001 RU\NLR\bibl\918495
005 20260405100024.0
010 _z5-94285-008
_9300
035 _a(nilc)RSL-KNO-002584821
035 _a(NLR Aleph) 000906785
090 _a21104
_c21104
100 _a20041122d2004 |||y0rusy50 ca
101 0 _arus
102 _aRU
105 _aa |||||||||
106 _ar
200 1 _aМорфология желудка
_fН.С. Горбунов, Э.В. Каспаров, В.В. Цуканов, А.В. Токарев
_gМ-во здравоохраниния и социал. обеспечения Рос. Федерации, ГОУ ВПО Краснояр. гос. мед. акад., ГУ НИИ мед. проблем Севера СО РАМН
210 _aКрасноярск
_cИзд-во КрасГМА
_d2004
215 _a123, [1] с.
_cил.
_d21
320 _aБиблиогр.: с. 106-123
606 1 _aЖелудок
_xМорфология
_92418560
_3RU\NLR\auth\661440492
610 0 _aБиологические науки -- Эмбриология, анатомия и гистология человека -- Анатомия человека -- Органы пищеварения -- Желудок и кишечник
610 0 _aЗдравоохранение. Медицинские науки -- Хирургия -- Абдоминальная хирургия -- Топографическая анатомия живота
610 0 _aтопографическая анатомия желудка
686 _aЕ863.93,0
_2rubbk
686 _aР457.44,0
_2rubbk
686 _aЕ864.123
701 1 _4070
_8rus
_7ca
_aГорбунов
_bН. С.
_cд-р мед. наук
_gНиколай Станиславович
_3RU\NLR\auth\7736313
_919303
701 1 _4070
_8rus
_7ca
_aКаспаров
_bЭ. В.
_cд-р мед. наук
_f1957-
_gЭдуард Вильямович
_3RU\NLR\AUTH\7736314
_919304
701 1 _4070
_8rus
_7ca
_aЦуканов
_bВ. В.
_cд-р мед. наук
_gВладислав Владимирович
_3RU\NLR\auth\7736316
_919306
701 1 _4070
_8rus
_7ca
_aТокарев
_bА. В.
_cканд. мед. наук.
_gАндрей Владимирович
_3RU\NLR\auth\7736315
_919305
801 0 _aRU
_bРКП
_c20041122
_grcr
801 1 _aRU
_bРГБ
_c20041122
801 2 _aRU
_bNLR
_c20060320
_grcr
830 _aавт. по базе и ГАКу
942 _cBOOK
980 _aNB